| 000 | 00764cam a2200253 i 4500 | ||
|---|---|---|---|
| 001 | bg | ||
| 003 | KOSZ 005 | ||
| 005 | 20200302134432.0 | ||
| 008 | 950808s1978 pl a f f |000 0 pol | ||
| 040 |
_cKOSZ 005/HR _aKOSZ 005/HR _dKOSZ 005/HR |
||
| 080 | _a531.1 | ||
| 080 | _a531.2 | ||
| 080 | _a(075.8) | ||
| 100 | 1 |
_aLeyko, Jerzy _d(1918-1995) _eAutor |
|
| 245 | 1 | 0 |
_aMechanika ogólna. _nT.1, _pStatyka i kinematyka / _cJerzy Leyko. |
| 246 | 3 | 0 | _aStatyka i kinematyka |
| 250 | _aWyd.6. | ||
| 260 |
_aWarszawa : _bPWN, _c1978. |
||
| 655 | 4 | _aPodręczniki akademickie | |
| 650 | 4 | _aStatyka | |
| 650 | 4 | _aKinematyka | |
| 856 |
_uhttp://koha.tu.koszalin.pl/cgi-bin/koha/opac-detail.pl?biblionumber=130 _yKatalog online BPK |
||
| 942 |
_cKS _2UKD |
||
| 999 |
_c130 _d130 |
||